000 00593nam a2200193Ia 4500
005 20250508165520.0
008 008 250505s9999 xx 000 0 eng d
037 _aDissertations
040 _aFEDL
_beng
_cFEDL
041 _aeng
_2eng
084 _a155.5, SAN/DI
_qFEDL
100 _aSandhu Manika
_9781063
245 0 _aReligion, identity development and the experience of adolescence in a Sikh minoity school
260 _c2015
300 _aiv, 118p.
546 _aM.Ed. Dissertation, (Delhi University)
942 _cDIS
_h155.5, SAN/DI
999 _c1395594
_d1395594